Fundamentals of the physical geography (Record no. 63384)
[ view plain ]
| 000 -LEADER | |
|---|---|
| fixed length control field | 01490nam a2200253 a 4500 |
| 008 - FIXED-LENGTH DATA ELEMENTS--GENERAL INFORMATION | |
| fixed length control field | 120416s1992 ||||||||||||||||| || u |
| 020 ## - INTERNATIONAL STANDARD BOOK NUMBER | |
| International Standard Book Number | 041508394X |
| 050 ## - LIBRARY OF CONGRESS CALL NUMBER | |
| Classification number | GB 56 Bri |
| 100 ## - MAIN ENTRY--PERSONAL NAME | |
| Personal name | Briggs, David |
| 245 10 - TITLE STATEMENT | |
| Title | Fundamentals of the physical geography |
| 260 ## - PUBLICATION, DISTRIBUTION, ETC. | |
| Place of publication, distribution, etc. | London |
| Name of publisher, distributor, etc. | Routledge |
| Date of publication, distribution, etc. | 1992 |
| 300 ## - PHYSICAL DESCRIPTION | |
| Extent | 558p. : ill. |
| 350 ## - | |
| -- | 0.00 |
| 500 ## - GENERAL NOTE | |
| General note | Bibliography. |
| 650 ## - SUBJECT ADDED ENTRY--TOPICAL TERM | |
| Topical term or geographic name entry element | PHYSICAL GEOGRAPHY |
| 650 ## - SUBJECT ADDED ENTRY--TOPICAL TERM | |
| Topical term or geographic name entry element | ENVIRONMENT |
| 700 ## - ADDED ENTRY--PERSONAL NAME | |
| Personal name | Smithson, Peter |
| 995 ## - | |
| -- | MAIN LIBRARY OPEN ACCESS |
| -- | 0.00 |
| -- | 729894 |
| -- | CBU-MAIN LIBRARY (Kitwe) |
| -- | 6 |
| -- | 35.00 |
| -- | GB 56 Bri |
| -- | 6 |
| -- | AVAILABLE |
| -- | Aug 3, 2006 |
| -- | 023853 |
| -- | Main Library Open Access Collection |
| 995 ## - | |
| -- | ANNEX COLLECTION (Main Library) |
| -- | 0.00 |
| -- | 729896 |
| -- | CBU-MAIN LIBRARY (Kitwe) |
| -- | 5 |
| -- | 35.00 |
| -- | GB 56 Bri |
| -- | 5 |
| -- | AVAILABLE |
| -- | Jul 5, 2006 |
| -- | 023948 |
| -- | Annex Low-Usage Collection |
| 995 ## - | |
| -- | ANNEX COLLECTION (Main Library) |
| -- | 0.00 |
| -- | 739898 |
| -- | CBU-MAIN LIBRARY (Kitwe) |
| -- | 3 |
| -- | 35.00 |
| -- | GB 56 Bri |
| -- | 3 |
| -- | AVAILABLE |
| -- | Jul 5, 2006 |
| -- | 023949 |
| -- | Annex Low-Usage Collection |
| 995 ## - | |
| -- | MAIN LIBRARY OPEN ACCESS |
| -- | 0.00 |
| -- | 729899 |
| -- | CBU-MAIN LIBRARY (Kitwe) |
| -- | 4 |
| -- | 35.00 |
| -- | GB 56 Bri |
| -- | 4 |
| -- | AVAILABLE |
| -- | Jul 5, 2006 |
| -- | 023950 |
| -- | Main Library Open Access Collection |
| 995 ## - | |
| -- | MAIN LIBRARY OPEN ACCESS |
| -- | 0.00 |
| -- | 736025 |
| -- | CBU-MAIN LIBRARY (Kitwe) |
| -- | 1 |
| -- | 34.95 |
| -- | GB 56 Bri |
| -- | 1 |
| -- | AVAILABLE |
| -- | 38794 |
| -- | Main Library Open Access Collection |
| 995 ## - | |
| -- | MAIN LIBRARY OPEN ACCESS |
| -- | 0.00 |
| -- | 729895 |
| -- | CBU-MAIN LIBRARY (Kitwe) |
| -- | 2 |
| -- | 35.00 |
| -- | GB 56 Bri |
| -- | 2 |
| -- | AVAILABLE |
| -- | May 29, 2006 |
| -- | 023947 |
| -- | Main Library Open Access Collection |
| 999 ## - | |
| -- | 63384 |
| -- | 63384 |
| Withdrawn status | Lost status | Source of classification or shelving scheme | Damaged status | Not for loan | Permanent Location | Current Location | Shelving location | Date acquired | Total Checkouts | Full call number | Barcode | Date last seen | Price effective from | Koha item type |
|---|---|---|---|---|---|---|---|---|---|---|---|---|---|---|
| CBU-MAIN LIBRARY, KITWE. | CBU-MAIN LIBRARY, KITWE. | 12/24/2022 | GB 56 Bri | 023853 | 12/24/2022 | 12/24/2022 | MONOGRAPH | |||||||
| CBU-MAIN LIBRARY, KITWE. | CBU-MAIN LIBRARY, KITWE. | 12/24/2022 | GB 56 Bri | 023948 | 12/24/2022 | 12/24/2022 | MONOGRAPH | |||||||
| CBU-MAIN LIBRARY, KITWE. | CBU-MAIN LIBRARY, KITWE. | 12/24/2022 | GB 56 Bri | 023949 | 12/24/2022 | 12/24/2022 | MONOGRAPH | |||||||
| CBU-MAIN LIBRARY, KITWE. | CBU-MAIN LIBRARY, KITWE. | 12/24/2022 | GB 56 Bri | 023950 | 12/24/2022 | 12/24/2022 | MONOGRAPH | |||||||
| CBU-MAIN LIBRARY, KITWE. | CBU-MAIN LIBRARY, KITWE. | 12/24/2022 | GB 56 Bri | 38794 | 12/24/2022 | 12/24/2022 | MONOGRAPH | |||||||
| CBU-MAIN LIBRARY, KITWE. | CBU-MAIN LIBRARY, KITWE. | 12/24/2022 | GB 56 Bri | 023947 | 12/24/2022 | 12/24/2022 | MONOGRAPH |